00501nam a2200193Ia 4500003000900000008004100009040001300050040001300063041000800076100002000084100000900104245010100113250000900214260001800223260000900241300001000250490000600260600004100266IT-RoPAU120407s9999 xx 000 0 und d aIT-RoPAU cIT-RoPAU aita aG. Paolo Tasini ccur. a"In principio. Interpretazioni ebraiche del racconto della creazione. A cura di G. Paolo Tasini" aRoma aCittà Nuova c1988 c21 cm v1 a 1° vol. : Il midrash. 148 p.